[Event "GER-ch Net blitz qual4"]
[Site "Playchess.com INT"]
[Date "2021.05.10"]
[Round "10"]
[White "Schenk, Michael"]
[Black "Miller, Jonas"]
[Result "0-1"]
[WhiteElo "1451"]
[BlackElo "1626"]
[PlyCount "40"]
[EventDate "2021.05.10"]
[EventType "swiss (blitz)"]
[EventRounds "11"]
[EventCountry "GER"]
[SourceTitle "CBM 202 Extra"]
[Source "ChessBase"]
[SourceDate "2021.07.31"]
[SourceVersion "1"]
[SourceVersionDate "2021.07.31"]
[SourceQuality "1"]

1. e4 e5 2. f4 exf4 3. Nf3 g5 4. Bc4 Bg7 5. 0-0 d6 6. Nc3 Nc6 7. d4 h6 8. d5 Ne5 9. Nxe5 Bxe5 10. h4 Nf6 11. Ne2 Bg4 12. Qd3 Bxe2 13. Qxe2 Qd7 14. c3 0-0-0 15. Qd1 Qg4 16. Be2 Qxh4 17. Bd2 f3 18. Bxf3 Bh2+ 19. Kh1 Bg3+ 20. Kg1 Qh2# 0-1

[Event "GER-ch Net blitz qual3"]
[Site "Playchess.com INT"]
[Date "2021.05.07"]
[Round "5"]
[White "Meister, Hubert"]
[Black "Schenk, Michael"]
[Result "0-1"]
[WhiteElo "1389"]
[BlackElo "1474"]
[PlyCount "44"]
[EventDate "2021.05.07"]
[EventType "swiss (blitz)"]
[EventRounds "11"]
[EventCountry "GER"]
[SourceTitle "CBM 202 Extra"]
[Source "ChessBase"]
[SourceDate "2021.07.31"]
[SourceVersion "1"]
[SourceVersionDate "2021.07.31"]
[SourceQuality "1"]

1. c4 e5 2. d4 exd4 3. Qxd4 Nc6 4. Qd1 Nf6 5. e3 Bc5 6. Nc3 d6 7. Nf3 Bg4 8. Be2 0-0 9. 0-0 h6 10. h3 Be6 11. a3 a5 12. Bd2 d5 13. cxd5 Nxd5 14. Nxd5 Bxd5 15. b4 axb4 16. axb4 Rxa1 17. Qxa1 Nxb4 18. Bc3 f6 19. Nh4 Bc6 20. Ng6 Re8 21. Qb1 Qd5 22. Bxb4 Qxg2# 0-1

[Event "GER-ch Net blitz qual3"]
[Site "Playchess.com INT"]
[Date "2021.05.07"]
[Round "4"]
[White "Minotas, Fotios"]
[Black "Schenk, Michael"]
[Result "1-0"]
[WhiteElo "1409"]
[BlackElo "1474"]
[PlyCount "61"]
[EventDate "2021.05.07"]
[EventType "swiss (blitz)"]
[EventRounds "11"]
[EventCountry "GER"]
[SourceTitle "CBM 202 Extra"]
[Source "ChessBase"]
[SourceDate "2021.07.31"]
[SourceVersion "1"]
[SourceVersionDate "2021.07.31"]
[SourceQuality "1"]

1. d4 Nf6 2. c4 c5 3. d5 b5 4. b3 bxc4 5. bxc4 g6 6. Bb2 Bg7 7. Nc3 d6 8. e4 0-0 9. Nf3 a5 10. Bd3 Na6 11. a3 Rb8 12. Qc2 Bg4 13. Be2 Re8 14. Nb5 Nxe4 15. Bc3 Nxc3 16. Nxc3 e6 17. 0-0 Bf5 18. Bd3 Bxd3 19. Qxd3 exd5 20. cxd5 Nc7 21. Rab1 Qf6 22. Ne4 Qe7 23. Rfe1 Rxb1 24. Qxb1 Qd7 25. Qd3 Qb5 26. Qd2 c4 27. Nxd6 Qxd5 28. Rxe8+ Nxe8 29. Qxd5 Nxd6 30. Qxd6 c3 31. Qc5 1-0

[Event "GER-ch Net blitz qual3"]
[Site "Playchess.com INT"]
[Date "2021.05.07"]
[Round "11"]
[White "Schneider, Jens Erik"]
[Black "Schenk, Michael"]
[Result "1/2-1/2"]
[WhiteElo "1620"]
[BlackElo "1474"]
[PlyCount "86"]
[EventDate "2021.05.07"]
[EventType "swiss (blitz)"]
[EventRounds "11"]
[EventCountry "GER"]
[SourceTitle "CBM 202 Extra"]
[Source "ChessBase"]
[SourceDate "2021.07.31"]
[SourceVersion "1"]
[SourceVersionDate "2021.07.31"]
[SourceQuality "1"]

1. d4 Nf6 2. c4 c5 3. d5 b5 4. cxb5 a6 5. bxa6 g6 6. Nc3 Bg7 7. e4 d6 8. h4 0-0 9. Be3 Qa5 10. Rc1 Nxe4 11. Nge2 Bxa6 12. Qc2 Bxe2 13. Bxe2 Nxc3 14. bxc3 Nd7 15. 0-0 Rfb8 16. Bc4 Ne5 17. Be2 Qxa2 18. f4 Qxc2 19. Rxc2 Nd7 20. g4 Rb3 21. Bd2 Raa3 22. Rfc1 Nf6 23. Bc4 Ne4 24. Bxb3 Nxd2 25. Rxd2 Rxb3 26. Rdc2 e6 27. dxe6 fxe6 28. Kf2 d5 29. Ke2 Kf7 30. Kd2 d4 31. cxd4 Bxd4 32. Rxc5 Bxc5 33. Rxc5 Rb4 34. Rc7+ Kf6 35. Rxh7 Rxf4 36. h5 Rxg4 37. h6 Rh4 38. Rh8 e5 39. Ke3 g5 40. h7 Kg6 41. Rg8+ Kxh7 42. Rxg5 Rh6 43. Rxe5 Rg6 1/2-1/2

[Event "GER-ch Net blitz qual2"]
[Site "Playchess.com INT"]
[Date "2021.05.04"]
[Round "8"]
[White "Schenk, Michael"]
[Black "Zinke, Thomas"]
[Result "1-0"]
[WhiteElo "1346"]
[BlackElo "1703"]
[PlyCount "75"]
[EventDate "2021.05.04"]
[EventType "swiss (blitz)"]
[EventRounds "11"]
[EventCountry "GER"]
[SourceTitle "CBM 202 Extra"]
[Source "ChessBase"]
[SourceDate "2021.07.31"]
[SourceVersion "1"]
[SourceVersionDate "2021.07.31"]
[SourceQuality "1"]

1. e4 c5 2. d4 cxd4 3. c3 dxc3 4. Nxc3 Nc6 5. Nf3 a6 6. Bc4 e6 7. 0-0 d6 8. Be3 Nf6 9. Rc1 Be7 10. Re1 0-0 11. Re2 b5 12. Bb3 Bb7 13. Rd2 Qc7 14. g3 b4 15. Ne2 Nxe4 16. Rdc2 Qd7 17. Ba4 Rac8 18. Ne5 Qd8 19. Nxc6 Bxc6 20. Bxc6 d5 21. Ba4 Rb8 22. Nd4 Qa5 23. Nc6 Qxa4 24. Nxb8 Qxa2 25. Nd7 f5 26. Nxf8 Kxf8 27. Rc8+ Kf7 28. Qh5+ g6 29. Qxh7+ Kf6 30. Bd4+ Kg5 31. h4+ Kg4 32. Qxg6+ Kh3 33. Qxe6 Nxg3 34. fxg3 Kxg3 35. Qe3+ Kxh4 36. Rh8+ Kg4 37. Rf1 f4 38. Qxf4# 1-0

[Event "GER-ch Net blitz qual1"]
[Site "Playchess.com INT"]
[Date "2021.04.24"]
[Round "4"]
[White "Schenk, Michael"]
[Black "Boettner, Juergen"]
[Result "0-1"]
[WhiteElo "1620"]
[BlackElo "1453"]
[PlyCount "46"]
[EventDate "2021.04.24"]
[EventType "swiss (blitz)"]
[EventRounds "11"]
[EventCountry "GER"]
[SourceTitle "CBM 202 Extra"]
[Source "ChessBase"]
[SourceDate "2021.07.31"]
[SourceVersion "1"]
[SourceVersionDate "2021.07.31"]
[SourceQuality "1"]

1. e4 e5 2. f4 exf4 3. Nf3 Be7 4. Bc4 Bh4+ 5. Kf1 Nc6 6. c3 d6 7. d4 Bg4 8. Bxf4 Qf6 9. Be3 0-0-0 10. Nbd2 Re8 11. h3 Bd7 12. Kg1 Bg3 13. Qe2 Nge7 14. Rf1 Ng6 15. Ne5 Qh4 16. Ndf3 Qh5 17. Nxd7 Re7 18. d5 Na5 19. Bd3 Rxd7 20. e5 dxe5 21. Nxe5 Qxe2 22. Bf5 Qxe3+ 23. Rf2 Qxf2# 0-1

[Event "GER-ch Net blitz qual1"]
[Site "Playchess.com INT"]
[Date "2021.04.24"]
[Round "11"]
[White "Schenk, Michael"]
[Black "Kettner, Peer"]
[Result "1-0"]
[WhiteElo "1620"]
[BlackElo "1620"]
[PlyCount "29"]
[EventDate "2021.04.24"]
[EventType "swiss (blitz)"]
[EventRounds "11"]
[EventCountry "GER"]
[SourceTitle "CBM 202 Extra"]
[Source "ChessBase"]
[SourceDate "2021.07.31"]
[SourceVersion "1"]
[SourceVersionDate "2021.07.31"]
[SourceQuality "1"]

1. e4 e5 2. f4 exf4 3. Nf3 Qe7 4. Nc3 f5 5. e5 d6 6. d4 dxe5 7. dxe5 Qe6 8. Bxf4 Nc6 9. Bb5 Bd7 10. 0-0 Nxe5 11. Nxe5 Bxb5 12. Nxb5 Qb6+ 13. Kh1 Qxb5 14. c4 Qxb2 15. Qd7# 1-0

[Event "DSOL 07 Liga Gr-D 1st"]
[Site "Playchess.com INT"]
[Date "2020.08.06"]
[Round "7.2"]
[White "Dralle, Hannes"]
[Black "Schenk, Michael"]
[Result "1-0"]
[WhiteElo "1564"]
[BlackElo "1424"]
[PlyCount "59"]
[EventDate "2020.06.22"]
[EventType "team-tourn (rapid)"]
[EventCountry "GER"]
[SourceTitle "EXT 2021"]
[Source "ChessBase"]
[SourceDate "2020.10.23"]
[SourceVersion "1"]
[SourceVersionDate "2020.10.23"]
[SourceQuality "1"]
[WhiteTeam "Lachendorf"]
[BlackTeam "Hamburger SK VIII"]
[WhiteTeamCountry "GER"]
[BlackTeamCountry "GER"]

1. e4 c5 2. Nf3 d6 3. d4 cxd4 4. Nxd4 Nf6 5. Nc3 a6 6. f3 e5 7. Nb3 Nc6 8. Be3 g6 9. Qd2 Bg7 10. 0-0-0 0-0 11. h4 Be6 12. h5 Re8 13. hxg6 fxg6 14. Bh6 Re7 15. Bxg7 Rxg7 16. Qh6 Qe7 17. g4 Rf8 18. Nd5 Qf7 19. Nxf6+ Qxf6 20. Rxd6 Qe7 21. Qd2 Rxf3 22. Nc5 Rgf7 23. Be2 R3f6 24. g5 Nd4 25. Rxd4 exd4 26. Nxe6 Rxe6 27. Bc4 Re5 28. Rf1 Rxg5 29. Rxf7 Rg1+ 30. Rf1+ 1-0

[Event "GER Cup Net Final-C U1600"]
[Site "Playchess.com INT"]
[Date "2020.06.06"]
[Round "12"]
[White "Birk, Wilfried Christoph"]
[Black "Schenk, Michael"]
[Result "1/2-1/2"]
[WhiteElo "1405"]
[BlackElo "1407"]
[PlyCount "107"]
[EventDate "2020.06.06"]
[EventType "swiss (blitz)"]
[EventRounds "13"]
[EventCountry "GER"]
[SourceTitle "CBM 197 Extra"]
[Source "ChessBase"]
[SourceDate "2020.09.30"]
[SourceVersion "1"]
[SourceVersionDate "2020.09.30"]
[SourceQuality "1"]

1. d4 Nf6 2. Nf3 d5 3. e3 Nc6 4. c3 Bg4 5. Be2 e6 6. Nbd2 Bd6 7. 0-0 0-0 8. Re1 h6 9. Nf1 Ne4 10. N3d2 Bf5 11. Nxe4 Bxe4 12. Bd3 Bxd3 13. Qxd3 e5 14. dxe5 Bxe5 15. Qd1 Na5 16. Bd2 c6 17. c4 Nxc4 18. Rb1 Nxb2 19. Qc2 Nc4 20. Bc3 Bxc3 21. Qxc3 b5 22. Rbc1 Rc8 23. Qc2 Re8 24. a4 bxa4 25. Qxa4 Nb6 26. Qc2 Nc4 27. e4 d4 28. Qxc4 d3 29. Red1 Re6 30. Rxd3 Qg5 31. Rdc3 Rg6 32. g3 Re6 33. f4 Qf6 34. e5 Qf5 35. Qd3 Qxd3 36. Rxd3 c5 37. Rdc3 Rec6 38. Ne3 Kf8 39. Nf5 g6 40. Ne3 Ke7 41. Ng2 c4 42. Ne3 Ke6 43. Rxc4 Rxc4 44. Rxc4 Rxc4 45. Nxc4 f6 46. exf6 Kxf6 47. Kf2 g5 48. fxg5+ hxg5 49. Ke3 Kf5 50. Nd6+ Kg4 51. Kf2 Kh3 52. Kg1 g4 53. Nc4 a6 54. Na5 1/2-1/2

[Event "GER Cup Net V3 U1600"]
[Site "Playchess.com INT"]
[Date "2020.05.27"]
[Round "9"]
[White "Kauschanski, Nicolas"]
[Black "Schenk, Michael"]
[Result "1-0"]
[WhiteElo "1395"]
[BlackElo "1382"]
[PlyCount "75"]
[EventDate "2020.05.27"]
[EventType "swiss (blitz)"]
[EventRounds "9"]
[EventCountry "GER"]
[SourceTitle "EXT 2021"]
[Source "ChessBase"]
[SourceDate "2020.10.23"]
[SourceVersion "1"]
[SourceVersionDate "2020.10.23"]
[SourceQuality "1"]

1. d4 Nf6 2. Bf4 g6 3. Nf3 Bg7 4. e3 d6 5. Bd3 0-0 6. h3 Nc6 7. Bh2 Re8 8. 0-0 e5 9. dxe5 dxe5 10. Be2 e4 11. Qxd8 Rxd8 12. Nfd2 Nd5 13. Nxe4 Bxb2 14. Nbc3 Nxc3 15. Nxc3 Bxc3 16. Rad1 Rxd1 17. Rxd1 Be5 18. Bxe5 Nxe5 19. Rd8+ Kg7 20. f4 Nc6 21. Re8 a5 22. Bg4 f5 23. Bf3 Rb8 24. Kh2 Bd7 25. Rxb8 Nxb8 26. Bxb7 Bc6 27. Bc8 Be4 28. c4 Nc6 29. Be6 Kf6 30. Bd7 Nb4 31. a4 Nd3 32. Bb5 Nb2 33. g4 fxg4 34. hxg4 Nd3 35. Kg3 c6 36. g5+ Kf5 37. Ba6 Nb4 38. Bc8# 1-0

[Event "GER Cup Net V3 U1600"]
[Site "Playchess.com INT"]
[Date "2020.05.27"]
[Round "6"]
[White "Radeke, Rico"]
[Black "Schenk, Michael"]
[Result "0-1"]
[WhiteElo "1478"]
[BlackElo "1382"]
[PlyCount "67"]
[EventDate "2020.05.27"]
[EventType "swiss (blitz)"]
[EventRounds "9"]
[EventCountry "GER"]
[SourceTitle "EXT 2021"]
[Source "ChessBase"]
[SourceDate "2020.10.23"]
[SourceVersion "1"]
[SourceVersionDate "2020.10.23"]
[SourceQuality "1"]

1. d4 Nf6 2. c4 g6 3. Nc3 Bg7 4. e4 d6 5. Nf3 Bg4 6. Be3 0-0 7. Be2 e6 8. h3 Bxf3 9. Bxf3 Nc6 10. 0-0 Re8 11. Rb1 a6 12. b3 b5 13. Be2 b4 14. Na4 Nxe4 15. Bf3 d5 16. Bxe4 dxe4 17. Nc5 Bxd4 18. Bxd4 Nxd4 19. Re1 f5 20. Rb2 Qd6 21. Na4 Rad8 22. Rd2 Nf3+ 23. gxf3 Qxd2 24. Qxd2 Rxd2 25. Nc5 exf3 26. Nxa6 Rxa2 27. Nxc7 Re7 28. Nb5 Rb2 29. Re3 Rb1+ 30. Kh2 Rb2 31. Kg3 g5 32. Nd4 f4+ 33. Kg4 fxe3 34. Nxe6 0-1

[Event "GER Cup Net V3 U1600"]
[Site "Playchess.com INT"]
[Date "2020.05.27"]
[Round "8"]
[White "Schenk, Michael"]
[Black "Schell, Andreas"]
[Result "0-1"]
[WhiteElo "1382"]
[BlackElo "1521"]
[PlyCount "98"]
[EventDate "2020.05.27"]
[EventType "swiss (blitz)"]
[EventRounds "9"]
[EventCountry "GER"]
[SourceTitle "EXT 2021"]
[Source "ChessBase"]
[SourceDate "2020.10.23"]
[SourceVersion "1"]
[SourceVersionDate "2020.10.23"]
[SourceQuality "1"]

1. e4 g6 2. d4 Bg7 3. Nf3 e6 4. e5 Ne7 5. Nc3 0-0 6. Bc4 d6 7. exd6 cxd6 8. 0-0 d5 9. Bb3 a5 10. a3 Bd7 11. Bg5 b5 12. Re1 Bc6 13. Qd3 f6 14. Bh4 Qb6 15. Bg3 Nf5 16. Bd6 Re8 17. Bc5 Qb7 18. g4 Nh6 19. a4 b4 20. Nb5 Bxb5 21. axb5 Nd7 22. Ra4 Nb6 23. Rea1 Nxa4 24. Rxa4 Nxg4 25. b6 Bf8 26. Qb5 Rec8 27. Bxb4 axb4 28. Rxa8 Rxa8 29. Nd2 Nh6 30. c4 Nf5 31. c5 Nxd4 32. Qd3 Nc6 33. Nf3 Bg7 34. Nd4 Ra1+ 35. Kg2 f5 36. Nxe6 Ne5 37. Bxd5 Qb8 38. Nd4+ Kh8 39. Qb5 Ng4 40. c6 Qf4 41. Qe2 Bxd4 42. Qe8+ Kg7 43. Qf7+ Kh6 44. c7 Qxf2+ 45. Kh3 Qe3+ 46. Kh4 Bf6+ 47. Qxf6 Nxf6 48. c8Q Qf4+ 49. Kh3 Qg4# 0-1

[Event "GER Cup Net V2 U1600"]
[Site "Playchess.com INT"]
[Date "2020.05.22"]
[Round "9"]
[White "Schenk, Michael"]
[Black "Birk, Wilfried Christoph"]
[Result "1-0"]
[WhiteElo "1373"]
[BlackElo "1366"]
[PlyCount "61"]
[EventDate "2020.05.22"]
[EventType "swiss (blitz)"]
[EventRounds "9"]
[EventCountry "GER"]
[SourceTitle "EXT 2021"]
[Source "ChessBase"]
[SourceDate "2020.10.23"]
[SourceVersion "1"]
[SourceVersionDate "2020.10.23"]
[SourceQuality "1"]

1. e4 c6 2. d4 d5 3. e5 Bf5 4. Nf3 e6 5. c3 c5 6. Bd3 Bxd3 7. Qxd3 c4 8. Qc2 b5 9. 0-0 a6 10. Bg5 Ne7 11. Nbd2 Qd7 12. b3 Ng6 13. Be3 Be7 14. a4 b4 15. bxc4 bxc3 16. Qxc3 Nc6 17. Rac1 0-0 18. cxd5 Bb4 19. Qxc6 Qxc6 20. Rxc6 Rac8 21. Rxc8 Rxc8 22. h3 a5 23. dxe6 fxe6 24. Ne4 Rf8 25. Rc1 Re8 26. Rc6 h6 27. h4 Kf7 28. h5 Nf8 29. Nd6+ Bxd6 30. exd6 Rd8 31. Ne5+ 1-0

[Event "GER Cup Net V1 U1600"]
[Site "Playchess.com INT"]
[Date "2020.05.19"]
[Round "6"]
[White "Birk, Wilfried Christoph"]
[Black "Schenk, Michael"]
[Result "0-1"]
[WhiteElo "1421"]
[BlackElo "1379"]
[PlyCount "74"]
[EventDate "2020.05.19"]
[EventType "swiss (blitz)"]
[EventRounds "9"]
[EventCountry "GER"]
[SourceTitle "EXT 2021"]
[Source "ChessBase"]
[SourceDate "2020.10.23"]
[SourceVersion "1"]
[SourceVersionDate "2020.10.23"]
[SourceQuality "1"]

1. d4 Nf6 2. Nf3 g6 3. Bf4 d5 4. e3 Bg7 5. h3 0-0 6. Bd3 b6 7. Bh2 Bb7 8. 0-0 c5 9. c3 c4 10. Bc2 Nc6 11. b3 b5 12. Nbd2 Re8 13. b4 a6 14. a4 h6 15. a5 Ne4 16. Nxe4 dxe4 17. Bxe4 Rb8 18. Qc2 e5 19. Bxc6 Bxc6 20. Bxe5 Bxe5 21. Nxe5 Bb7 22. Rad1 Qg5 23. Ng4 h5 24. f4 Qd5 25. Rf3 hxg4 26. hxg4 Qe6 27. f5 Qc6 28. fxg6 Qxg6 29. Qxg6+ fxg6 30. Rf4 Rxe3 31. Rdf1 Ree8 32. Rf7 Bd5 33. Rd7 Be6 34. Rc7 Bxg4 35. Rff7 Be6 36. Rg7+ Kf8 37. Rh7 Bg8 0-1

[Event "GER-ch Net Amateur Gr-C Final"]
[Site "Playchess.com INT"]
[Date "2020.04.18"]
[Round "4"]
[White "Birk, Wilfried Christoph"]
[Black "Schenk, Michael"]
[Result "0-1"]
[WhiteElo "1352"]
[BlackElo "1373"]
[PlyCount "70"]
[EventDate "2020.04.18"]
[EventType "swiss (blitz)"]
[EventRounds "13"]
[EventCountry "GER"]
[SourceTitle "CBM 195 Extra"]
[Source "ChessBase"]
[SourceDate "2020.05.31"]
[SourceVersion "1"]
[SourceVersionDate "2020.05.31"]
[SourceQuality "1"]

1. d4 Nf6 2. Nf3 g6 3. Bf4 Bg7 4. h3 0-0 5. e3 d5 6. Be2 e6 7. 0-0 Nc6 8. c4 Re8 9. Nc3 a6 10. c5 b5 11. cxb6 cxb6 12. Rc1 Bb7 13. Rc2 Rc8 14. a3 b5 15. Ne5 Na5 16. Na2 Nc4 17. Bxc4 bxc4 18. Nb4 a5 19. Na2 Ne4 20. Nc3 Bxe5 21. Bxe5 Bc6 22. Nxe4 Ba4 23. Nf6+ Kf8 24. Nxe8 Bxc2 25. Qxc2 Kxe8 26. Qa4+ Ke7 27. Qd1 f6 28. Bh2 c3 29. bxc3 Rxc3 30. a4 Qd7 31. Qf3 Rc4 32. e4 dxe4 33. Qxe4 Rxd4 34. Qe1 Qxa4 35. Qc1 Qd7 0-1